000
00148nam a22000857a 4500
082
_a
823
100
_a
SUDIP N
245
_a
THE FROG PRINCE
942
_c
BK
999
_c
8185
_d
8185